01734nam a2200385 a 4500001001200000003000800012006001900020007001500039008004100054010001700095020002800112040002100140035002000161050002400181082001700205100002900222245021200251260005600463300002400519490002300543500015300566504004100719533015200760600004100912650004600953650004300999655002901042700001701071700002801088700002201116710001701138800005001155856012601205999001701331ebr10068573CaPaEBRm u cr cn|||||||||031106s2004 caua sb s000 0 eng  z 2003024224 z0520242459 (alk. paper) aCaPaEBRcCaPaEBR a(OCoLC)7075834914aPS1303b.S25 2004eb04a818/.4092221 aTwain, Mark,d1835-1910.10aMark Twain's helpful hints for good livingh[electronic resource] :ba handbook for the damned human race /cMark Twain ; edited by Lin Salamo, Victor Fischer, and Michael B. Frank of the Mark Twain Project. aBerkeley :bUniversity of California Press,cc2004. axiv, 207 p. :bill.1 aJumping frogs ;v2 a"The Mark Twain Project is a reserach and editorial project housed within the Mark Twain Papers at the Bancroft Library, Univ. of Calif., Berkeley." aIncludes bibliographical references. aElectronic reproduction.bPalo Alto, Calif. :cebrary,d2013.nAvailable via World Wide Web.nAccess may be limited to ebrary affiliated libraries.10aTwain, Mark,d1835-1910vQuotations. 0aConduct of lifevQuotations, maxims, etc. 0aConduct of lifevLiterary collections. 7aElectronic books.2local1 aSalamo, Lin.1 aFischer, Victor,d1942-1 aFrank, Michael B.2 aebrary, Inc.1 aTwain, Mark,d1835-1910.tJumping frogs ;v2.40uhttp://site.ebrary.com/lib/rucke/Doc?id=10068573zAn electronic book accessible through the World Wide Web; click to view c28664d28664